Most common uncommon things in the United States - Statistics

General Stats
  • This quiz has been taken 12 times
  • The average score is 2 of 10
Answer Stats
Hint Answer % Correct
Top Car Companies BMW or Subaru
44%
Pets ferret or iguana
33%
Movie Genre Western or Documentary
33%
Sport to Watch Motor Sports or Badminton
22%
States visited by Foreign Travelers Pennsylvania or Massachusetts
22%
Fast food restaurant Pizza Hut or Dominos
22%
Last name Rodriguez or Wilson
22%
Popular National Park Grand Teton or Glacier National Park
11%
Jobs secretary/assistant or janitor/cleaner
11%
Hobby walking or exercise
11%
No matching quizzes found
Score Distribution
Percent of People with Each Score
Percentile by Number Answered
Your Score History
You have not taken this quiz